00449cam a2200157 a 450000100070000000500170000700800410002404000180006508200220008324500740010525000120017926000370019130000170022865000220024570000240026768699420240306025408.0951113s1995 bg b 000 0 eng  aDLCcDLCdDLC 222a323.334bWOM.00aWomen in politics and bureaucracy /ceditors, Jahanara Huq [et al.]. a1st ed. aDhaka :bWomen for Women,c1995. aiv, 115 p. ; 0aWomen Politicians1 aHuq, Jahanara.eedt